[Event "msr2018"]
[Site "?"]
[Date "2018.04.23"]
[Round "4.1"]
[White "Haring, Filip"]
[Black "Jakab, Bela"]
[Result "0-1"]
[BlackElo "2258"]
[WhiteElo "2339"]
[LiveChessVersion "1.4.8"]

1. Nf3 {[%clk 1:30:44]} Nf6 {[%clk 1:30:40]} 2. g3 {[%clk 1:31:01]} d5
{[%clk 1:30:32]} 3. Bg2 {[%clk 1:31:22]} e6 {[%clk 1:30:23]} 4. O-O
{[%clk 1:31:38]} Be7 {[%clk 1:30:39]} 5. d3 {[%clk 1:31:18]} O-O {[%clk 1:30:06]}
6. b3 {[%clk 1:30:12]} c5 {[%clk 1:29:38]} 7. Bb2 {[%clk 1:30:29]} Nc6
{[%clk 1:28:38]} 8. Nbd2 {[%clk 1:30:35]} Qc7 {[%clk 1:27:37]} 9. e3
{[%clk 1:26:28]} b6 {[%clk 1:22:18]} 10. c4 {[%clk 1:26:15]} Bb7 {[%clk 1:21:14]}
11. Ne1 {[%clk 1:25:56]} Rfd8 {[%clk 1:19:57]} 12. Qe2 {[%clk 1:24:16]} Rd7
{[%clk 1:15:38]} 13. f4 {[%clk 1:23:39]} Rad8 {[%clk 1:07:04]} 14. a3
{[%clk 1:22:45]} a6 {[%clk 1:06:13]} 15. g4 {[%clk 1:18:48]} b5 {[%clk 1:03:19]}
16. g5 {[%clk 1:17:11]} Ne8 {[%clk 1:03:32]} 17. Rf3 {[%clk 1:13:13]} f5
{[%clk 0:56:52]} 18. Rh3 {[%clk 1:08:28]} g6 {[%clk 0:55:01]} 19. cxd5
{[%clk 0:57:44]} exd5 {[%clk 0:55:04]} 20. Nef3 {[%clk 0:56:11]} Bf8
{[%clk 0:51:15]} 21. Ne5 {[%clk 0:53:02]} Nxe5 {[%clk 0:50:26]} 22. Bxe5
{[%clk 0:53:01]} Qb6 {[%clk 0:48:04]} 23. Rb1 {[%clk 0:47:09]} Re7
{[%clk 0:48:04]} 24. b4 {[%clk 0:47:09]} Bg7 {[%clk 0:48:04]} 25. bxc5
{[%clk 0:47:09]} Qxc5 {[%clk 0:48:04]} 26. Nb3 {[%clk 0:47:09]} Qxa3
{[%clk 0:48:04]} 27. e4 {[%clk 0:47:09]} Bxe5 {[%clk 0:48:04]} 28. fxe5
{[%clk 0:47:09]} dxe4 {[%clk 0:48:04]} 29. dxe4 {[%clk 0:47:09]} Rxe5
{[%clk 0:48:04]} 30. Qc2 {[%clk 0:47:09]} Bxe4 {[%clk 0:48:04]} 31. Bxe4
{[%clk 0:47:09]} Rxe4 {[%clk 0:48:04]} 32. Rg3 {[%clk 0:47:09]} Qe7
{[%clk 0:48:04]} 33. Nd2 {[%clk 0:47:09]} Re2 {[%clk 0:48:04]} 34. Qb3+
{[%clk 0:47:09]} Qf7 {[%clk 0:48:04]} 35. Qxf7+ {[%clk 0:47:09]} Kxf7
{[%clk 0:48:04]} 36. Nb3 {[%clk 0:47:09]} Ng7 {[%clk 0:48:04]} 37. Nc5
{[%clk 0:47:09]} Ra2 {[%clk 0:48:04]} 38. Nd3 {[%clk 0:47:09]} Ne6
{[%clk 0:48:04]} 39. Re1 {[%clk 0:47:09]} Nd4 {[%clk 0:48:04]} 40. Rh3
{[%clk 0:47:09]} Kf8 {[%clk 0:48:04]} 41. Nf4 {[%clk 0:47:09]} Rd2
{[%clk 0:48:04]} 42. Kf1 {[%clk 0:47:09]} Rd7 {[%clk 0:48:04]} 43. Ra1
{[%clk 0:47:09]} Ra7 {[%clk 0:48:04]} 44. Rc1 {[%clk 0:47:09]} Re7
{[%clk 0:48:04]} 45. Nd5 {[%clk 0:47:09]} Ree2 {[%clk 0:48:04]} 46. Rc8+
{[%clk 0:47:09]} Re8 {[%clk 0:48:04]} 47. Rxe8+ {[%clk 0:47:09]} Kxe8
{[%clk 0:48:04]} 48. Nc7+ {[%clk 0:47:09]} Kd7 {[%clk 0:48:04]} 49. Rxh7+
{[%clk 0:47:09]} Kc6 {[%clk 0:48:04]} 50. Nxa6 {[%clk 0:47:09]} Nf3
{[%clk 0:48:04]} 51. h4 {[%clk 0:47:09]} Kb6 {[%clk 0:48:04]} 52. Nb4
{[%clk 0:47:09]} Rd4 {[%clk 0:48:04]} 53. h5 {[%clk 0:47:09]} Rxb4
{[%clk 0:48:04]} 54. Rh6 {[%clk 0:47:09]} Rg4 {[%clk 0:48:04]} 0-1

[Event "msr2018"]
[Site "?"]
[Date "2018.04.23"]
[Round "4.2"]
[White "Sahidi, Samir"]
[Black "Bango, Lukas"]
[Result "1-0"]
[BlackElo "2127"]
[WhiteElo "2238"]
[LiveChessVersion "1.4.8"]

1. Nf3 {[%clk 1:30:56]} b6 {[%clk 1:30:47]} 2. g3 {[%clk 1:30:48]} Bb7
{[%clk 1:31:13]} 3. Bg2 {[%clk 1:30:57]} Nf6 {[%clk 1:31:38]} 4. c4
{[%clk 1:28:52]} e6 {[%clk 1:30:08]} 5. Nc3 {[%clk 1:28:19]} Bb4 {[%clk 1:28:55]}
6. Qc2 {[%clk 1:27:23]} O-O {[%clk 1:29:11]} 7. O-O {[%clk 1:26:20]} Bxc3
{[%clk 1:26:11]} 8. Qxc3 {[%clk 1:26:04]} d6 {[%clk 1:26:36]} 9. d3
{[%clk 1:24:40]} Nbd7 {[%clk 1:26:21]} 10. b3 {[%clk 1:21:17]} Qe7
{[%clk 1:21:40]} 11. e4 {[%clk 1:18:48]} a5 {[%clk 1:12:58]} 12. Re1
{[%clk 1:14:34]} Rad8 {[%clk 1:11:22]} 13. Nh4 {[%clk 1:09:51]} Nc5
{[%clk 1:03:25]} 14. Bg5 {[%clk 1:06:17]} h6 {[%clk 1:03:26]} 15. Bxf6
{[%clk 1:06:02]} Qxf6 {[%clk 1:02:25]} 16. d4 {[%clk 1:04:24]} g5
{[%clk 0:35:43]} 17. e5 {[%clk 1:04:36]} dxe5 {[%clk 0:36:00]} 18. dxc5
{[%clk 1:04:45]} Bxg2 {[%clk 0:36:25]} 19. Nxg2 {[%clk 1:05:06]} Rd4
{[%clk 0:36:51]} 20. cxb6 {[%clk 1:05:03]} cxb6 {[%clk 0:37:18]} 21. b4
{[%clk 1:03:35]} Rc8 {[%clk 0:34:00]} 22. Ne3 {[%clk 1:03:26]} Qf3
{[%clk 0:34:21]} 23. bxa5 {[%clk 1:02:30]} Rcxc4 {[%clk 0:34:21]} 24. Qb3
{[%clk 1:02:30]} Rb4 {[%clk 0:34:21]} 25. Qc2 {[%clk 1:02:30]} bxa5
{[%clk 0:34:21]} 26. Qe2 {[%clk 1:02:30]} Qxe2 {[%clk 0:34:21]} 27. Rxe2
{[%clk 1:02:30]} Ra4 {[%clk 0:34:21]} 28. Rb1 {[%clk 1:02:30]} Rd7
{[%clk 0:34:21]} 29. Rc2 {[%clk 1:02:30]} Kg7 {[%clk 0:34:21]} 30. Kg2
{[%clk 1:02:30]} e4 {[%clk 0:34:21]} 31. Rb5 {[%clk 1:02:30]} Kf6
{[%clk 0:34:21]} 32. Rbc5 {[%clk 1:02:30]} Kg7 {[%clk 0:34:21]} 33. Nc4
{[%clk 1:02:30]} Rd5 {[%clk 0:34:21]} 34. Rxd5 {[%clk 1:02:30]} exd5
{[%clk 0:34:21]} 35. Nb6 {[%clk 1:02:30]} Rd4 {[%clk 0:34:21]} 36. Rc5
{[%clk 1:02:30]} Rd2 {[%clk 0:34:21]} 37. Nxd5 {[%clk 1:02:30]} Rxa2
{[%clk 0:34:21]} 38. Nc3 {[%clk 1:02:30]} Rc2 {[%clk 0:34:21]} 39. Nxe4
{[%clk 1:02:30]} Rxc5 {[%clk 0:34:21]} 40. Nxc5 {[%clk 1:02:30]} Kf6
{[%clk 0:34:21]} 41. f4 {[%clk 1:02:30]} Kg6 {[%clk 0:34:21]} 42. Kf3
{[%clk 1:02:30]} f5 {[%clk 0:34:21]} 43. Ke3 {[%clk 1:02:30]} h5 {[%clk 0:34:21]}
44. h4 {[%clk 1:02:30]} gxh4 {[%clk 0:34:21]} 45. gxh4 {[%clk 1:02:30]} 1-0

[Event "msr2018"]
[Site "?"]
[Date "2018.04.23"]
[Round "4.3"]
[White "Sandor, Martin"]
[Black "Verbovsky, Michal"]
[Result "1-0"]
[BlackElo "1924"]
[WhiteElo "1964"]
[LiveChessVersion "1.4.8"]

1. e4 {[%clk 1:30:58]} c5 {[%clk 1:30:48]} 2. Nf3 {[%clk 1:31:22]} e6
{[%clk 1:30:58]} 3. d4 {[%clk 1:31:46]} cxd4 {[%clk 1:31:06]} 4. Nxd4
{[%clk 1:32:10]} Nf6 {[%clk 1:31:20]} 5. Nc3 {[%clk 1:32:35]} d6 {[%clk 1:31:20]}
6. Be3 {[%clk 1:32:30]} Be7 {[%clk 1:31:06]} 7. f3 {[%clk 1:32:52]} O-O
{[%clk 1:31:19]} 8. Qd2 {[%clk 1:33:09]} Nc6 {[%clk 1:31:18]} 9. O-O-O
{[%clk 1:33:19]} d5 {[%clk 1:30:08]} 10. Be2 {[%clk 1:31:44]} dxe4
{[%clk 1:16:43]} 11. Nxc6 {[%clk 1:29:18]} bxc6 {[%clk 1:16:47]} 12. Qxd8
{[%clk 1:29:22]} Bxd8 {[%clk 1:16:13]} 13. Bc5 {[%clk 1:29:12]} Re8
{[%clk 1:15:18]} 14. Nxe4 {[%clk 1:28:10]} Nxe4 {[%clk 1:13:51]} 15. fxe4
{[%clk 1:28:33]} Bb6 {[%clk 1:10:41]} 16. Bxb6 {[%clk 1:25:52]} axb6
{[%clk 1:11:03]} 17. a3 {[%clk 1:26:09]} Kf8 {[%clk 0:54:04]} 18. Rd6
{[%clk 1:20:50]} Bb7 {[%clk 0:53:26]} 19. Rhd1 {[%clk 1:18:17]} Re7
{[%clk 0:53:00]} 20. Kd2 {[%clk 1:16:30]} Rc7 {[%clk 0:44:20]} 21. Ke3
{[%clk 1:09:42]} Ke7 {[%clk 0:43:16]} 22. Bf3 {[%clk 0:55:36]} b5
{[%clk 0:25:58]} 23. c3 {[%clk 0:55:36]} e5 {[%clk 0:25:58]} 24. Bg4
{[%clk 0:55:36]} Bc8 {[%clk 0:25:58]} 25. Bxc8 {[%clk 0:55:36]} Raxc8
{[%clk 0:25:58]} 26. R6d2 {[%clk 0:55:36]} Rb8 {[%clk 0:25:58]} 27. b3
{[%clk 0:55:36]} Ra8 {[%clk 0:25:58]} 28. Ra2 {[%clk 0:55:36]} Rca7
{[%clk 0:25:58]} 29. Rda1 {[%clk 0:55:36]} c5 {[%clk 0:25:58]} 30. Ke2
{[%clk 0:55:36]} Ra6 {[%clk 0:25:58]} 31. Ke3 {[%clk 0:55:36]} Ke6
{[%clk 0:25:58]} 32. g3 {[%clk 0:55:36]} b4 {[%clk 0:25:58]} 33. a4
{[%clk 0:55:36]} bxc3 {[%clk 0:25:58]} 34. Rc2 {[%clk 0:55:36]} c4
{[%clk 0:25:58]} 35. bxc4 {[%clk 0:55:36]} Rxa4 {[%clk 0:25:58]} 36. Rxa4
{[%clk 0:55:36]} Rxa4 {[%clk 0:25:58]} 37. Rxc3 {[%clk 0:55:36]} Kd6
{[%clk 0:25:58]} 38. Kd3 {[%clk 0:55:36]} Ra2 {[%clk 0:25:58]} 39. Rc2
{[%clk 0:55:36]} Rxc2 {[%clk 0:25:58]} 40. Kxc2 {[%clk 0:55:36]} h5
{[%clk 0:25:58]} 41. h3 {[%clk 0:55:36]} Kc6 {[%clk 0:25:58]} 42. g4
{[%clk 0:55:36]} hxg4 {[%clk 0:25:58]} 43. hxg4 {[%clk 0:55:36]} Kc5
{[%clk 0:25:58]} 44. Kc3 {[%clk 0:55:36]} f6 {[%clk 0:25:58]} 45. Kb3
{[%clk 0:55:36]} g6 {[%clk 0:25:58]} 46. Kc3 {[%clk 0:55:36]} g5 {[%clk 0:25:58]}
47. Kb3 {[%clk 0:55:36]} Kd4 {[%clk 0:25:58]} 48. Kb4 {[%clk 0:55:36]} Kxe4
{[%clk 0:25:58]} 49. c5 {[%clk 0:55:36]} Kd5 {[%clk 0:25:58]} 50. Kb5
{[%clk 0:55:36]} e4 {[%clk 0:25:58]} 51. c6 {[%clk 0:55:36]} Kd6 {[%clk 0:25:58]}
52. Kb6 {[%clk 0:55:36]} e3 {[%clk 0:25:58]} 53. c7 {[%clk 0:55:36]} e2
{[%clk 0:25:58]} 54. c8=Q {[%clk 0:55:36]} e1=Q {[%clk 0:25:58]} 55. Qd8+
{[%clk 0:55:36]} 1-0

[Event "msr2018"]
[Site "?"]
[Date "2018.04.23"]
[Round "4.4"]
[White "Ferencak, Jakub"]
[Black "Brnusak, Andrej"]
[Result "1-0"]
[BlackElo "1884"]
[WhiteElo "1974"]
[LiveChessVersion "1.4.8"]

1. d4 {[%clk 1:30:56]} Nf6 {[%clk 1:30:52]} 2. c4 {[%clk 1:31:21]} g6
{[%clk 1:31:13]} 3. Nc3 {[%clk 1:31:47]} Bg7 {[%clk 1:31:30]} 4. e4
{[%clk 1:32:12]} d6 {[%clk 1:31:49]} 5. f3 {[%clk 1:32:32]} O-O {[%clk 1:31:51]}
6. Be3 {[%clk 1:32:10]} c6 {[%clk 1:30:38]} 7. Qd2 {[%clk 1:32:09]} e5
{[%clk 1:28:50]} 8. d5 {[%clk 1:27:03]} c5 {[%clk 1:27:28]} 9. Be2
{[%clk 1:26:36]} Qe7 {[%clk 1:21:41]} 10. h4 {[%clk 1:25:58]} Nh5
{[%clk 1:15:37]} 11. g4 {[%clk 1:25:04]} Ng3 {[%clk 1:08:48]} 12. Rh3
{[%clk 1:12:10]} Nxe2 {[%clk 1:07:56]} 13. Qxe2 {[%clk 1:12:19]} h6
{[%clk 1:05:36]} 14. Qg2 {[%clk 0:58:34]} a5 {[%clk 0:58:16]} 15. Nge2
{[%clk 0:54:04]} Na6 {[%clk 0:55:35]} 16. a3 {[%clk 0:52:26]} Nc7
{[%clk 0:53:14]} 17. O-O-O {[%clk 0:51:44]} Bd7 {[%clk 0:50:50]} 18. a4
{[%clk 0:38:50]} b6 {[%clk 0:50:50]} 19. Rhh1 {[%clk 0:38:50]} Na6
{[%clk 0:50:50]} 20. f4 {[%clk 0:38:50]} exf4 {[%clk 0:50:50]} 21. Bxf4
{[%clk 0:38:50]} Rfd8 {[%clk 0:50:50]} 22. Qg3 {[%clk 0:38:50]} Be8
{[%clk 0:50:50]} 23. Qe3 {[%clk 0:38:50]} Kh7 {[%clk 0:50:50]} 24. Rde1
{[%clk 0:38:50]} Nb4 {[%clk 0:50:50]} 25. Kb1 {[%clk 0:38:50]} Bd7
{[%clk 0:50:50]} 26. Reg1 {[%clk 0:38:50]} Re8 {[%clk 0:50:50]} 27. Qf3
{[%clk 0:38:50]} Kg8 {[%clk 0:50:50]} 28. Rf1 {[%clk 0:38:50]} Ra7
{[%clk 0:50:50]} 29. Qg3 {[%clk 0:38:50]} Be5 {[%clk 0:50:50]} 30. g5
{[%clk 0:38:50]} h5 {[%clk 0:50:50]} 31. Bxe5 {[%clk 0:38:50]} Qxe5
{[%clk 0:50:50]} 32. Rf6 {[%clk 0:38:50]} Bg4 {[%clk 0:50:50]} 33. Qxe5
{[%clk 0:38:50]} Rxe5 {[%clk 0:50:50]} 34. Ng3 {[%clk 0:38:50]} Rd7
{[%clk 0:50:50]} 35. Nb5 {[%clk 0:38:50]} Nd3 {[%clk 0:50:50]} 36. Kc2
{[%clk 0:38:50]} Nb4+ {[%clk 0:50:50]} 37. Kd2 {[%clk 0:38:50]} Kf8
{[%clk 0:50:50]} 38. Nxd6 {[%clk 0:38:50]} Ke7 {[%clk 0:50:50]} 39. Nxf7
{[%clk 0:38:50]} Rxe4 {[%clk 0:50:50]} 40. Nxe4 {[%clk 0:38:50]} Bf5
{[%clk 0:50:50]} 41. Re1 {[%clk 0:38:50]} 1-0

[Event "msr2018"]
[Site "?"]
[Date "2018.04.23"]
[Round "4.5"]
[White "Matis, Tibor"]
[Black "Franko, Ondrej"]
[Result "0-1"]
[BlackElo "1968"]
[WhiteElo "1884"]
[LiveChessVersion "1.4.8"]

1. e4 {[%clk 1:30:54]} c6 {[%clk 1:30:49]} 2. d4 {[%clk 1:31:15]} d5
{[%clk 1:31:15]} 3. e5 {[%clk 1:31:13]} Bf5 {[%clk 1:31:41]} 4. g4
{[%clk 1:30:45]} Be4 {[%clk 1:32:06]} 5. f3 {[%clk 1:31:10]} Bg6 {[%clk 1:32:33]}
6. e6 {[%clk 1:31:13]} Qd6 {[%clk 1:32:58]} 7. exf7+ {[%clk 1:31:37]} Bxf7
{[%clk 1:33:25]} 8. Qe2 {[%clk 1:22:44]} Nd7 {[%clk 1:33:07]} 9. f4
{[%clk 1:22:03]} O-O-O {[%clk 1:24:23]} 10. Nc3 {[%clk 1:10:33]} h5
{[%clk 1:21:07]} 11. g5 {[%clk 1:08:27]} e6 {[%clk 1:18:58]} 12. Bd2
{[%clk 1:06:20]} Ne7 {[%clk 1:19:12]} 13. O-O-O {[%clk 1:06:39]} Nf5
{[%clk 1:19:14]} 14. Nf3 {[%clk 1:06:54]} Re8 {[%clk 1:16:04]} 15. Qf2
{[%clk 1:04:23]} Qc7 {[%clk 1:13:52]} 16. Bh3 {[%clk 0:57:04]} Bg6
{[%clk 1:12:17]} 17. Rhe1 {[%clk 0:57:01]} Bb4 {[%clk 1:00:43]} 18. Nh4
{[%clk 0:52:59]} Nxh4 {[%clk 1:00:26]} 19. Qxh4 {[%clk 0:53:17]} Bxc3
{[%clk 0:58:10]} 20. Bxc3 {[%clk 0:52:25]} Be4 {[%clk 0:58:20]} 21. Bb4
{[%clk 0:47:55]} g6 {[%clk 0:58:02]} 22. Rf1 {[%clk 0:46:33]} a5 {[%clk 0:53:25]}
23. Ba3 {[%clk 0:46:45]} b5 {[%clk 0:53:02]} 24. Bc5 {[%clk 0:47:11]} Nxc5 25.
dxc5 {[%clk 0:47:34]} Rhf8 {[%clk 0:51:10]} 26. Qg3 {[%clk 0:45:58]} Re7
{[%clk 0:40:18]} 27. Rd2 {[%clk 0:44:34]} Kb7 {[%clk 0:32:01]} 28. Rdf2
{[%clk 0:30:52]} b4 {[%clk 0:31:03]} 29. Qe3 {[%clk 0:29:38]} Bf5
{[%clk 0:27:01]} 30. Bg2 {[%clk 0:25:14]} Rb8 {[%clk 0:25:01]} 31. Qe5
{[%clk 0:14:55]} Qxe5 {[%clk 0:25:00]} 32. fxe5 {[%clk 0:15:16]} Kc7
{[%clk 0:25:27]} 33. Rf4 {[%clk 0:03:33]} Rb5 {[%clk 0:25:44]} 34. a3
{[%clk 0:03:56]} Rxc5 {[%clk 0:25:25]} 35. R1f2 {[%clk 0:04:21]} Rb5
{[%clk 0:21:49]} 36. Bf1 {[%clk 0:04:24]} Rb6 {[%clk 0:21:58]} 37. axb4
{[%clk 0:02:05]} axb4 {[%clk 0:21:56]} 38. b3 {[%clk 0:00:57]} Re8
{[%clk 0:22:04]} 39. Bd3 {[%clk 0:01:19]} Kd7 {[%clk 0:21:07]} 40. Rf1
{[%clk 0:01:00]} Ra8 {[%clk 0:21:05]} 41. Kb2 {[%clk 0:26:45]} c5
{[%clk 0:50:37]} 42. Rd1 {[%clk 0:24:43]} Kc6 {[%clk 0:50:11]} 43. h4 Rb7
{[%clk 0:49:46]} 44. Bxf5 {[%clk 0:19:00]} exf5 {[%clk 0:49:56]} 45. Rf2 Rba7
{[%clk 0:48:41]} 46. Re2 {[%clk 0:17:54]} Ra2+ {[%clk 0:48:40]} 47. Kc1
{[%clk 0:18:21]} Ra1+ {[%clk 0:49:06]} 48. Kd2 {[%clk 0:18:47]} Rxd1+
{[%clk 0:49:30]} 49. Kxd1 {[%clk 0:19:13]} Re8 {[%clk 0:49:10]} 50. Kd2
{[%clk 0:19:37]} d4 {[%clk 0:49:23]} 51. Re1 {[%clk 0:18:57]} Kd5
{[%clk 0:49:44]} 52. Ra1 {[%clk 0:19:21]} Rxe5 {[%clk 0:49:47]} 53. Ra8
{[%clk 0:19:44]} Re6 {[%clk 0:49:54]} 54. Kd3 {[%clk 0:19:58]} Rd6
{[%clk 0:49:15]} 55. Re8 {[%clk 0:20:15]} Re6 {[%clk 0:49:31]} 56. Rc8
{[%clk 0:20:33]} Re3+ {[%clk 0:46:36]} 57. Kd2 {[%clk 0:20:57]} Rh3
{[%clk 0:46:22]} 58. Rg8 {[%clk 0:21:09]} Rxh4 {[%clk 0:46:45]} 59. Rxg6
{[%clk 0:21:35]} Rg4 {[%clk 0:47:07]} 60. Rg8 {[%clk 0:21:44]} h4
{[%clk 0:47:30]} 61. g6 {[%clk 0:20:40]} h3 {[%clk 0:47:39]} 62. Rf8
{[%clk 0:20:22]} Ke4 {[%clk 0:46:25]} 63. Rh8 {[%clk 0:20:21]} Rg2+
{[%clk 0:46:08]} 64. Kd1 {[%clk 0:20:11]} Rxg6 {[%clk 0:45:49]} 65. Rxh3
{[%clk 0:20:31]} Rg5 {[%clk 0:46:13]} 66. Rh8 {[%clk 0:20:43]} f4
{[%clk 0:46:39]} 67. Re8+ {[%clk 0:20:53]} Re5 {[%clk 0:47:04]} 68. Rf8
{[%clk 0:21:13]} Rf5 {[%clk 0:46:43]} 69. Re8+ {[%clk 0:21:30]} Kf3
{[%clk 0:47:09]} 70. Ke1 {[%clk 0:21:49]} Rh5 {[%clk 0:47:13]} 71. Rg8
{[%clk 0:19:25]} Re5+ {[%clk 0:46:25]} 72. Kd2 {[%clk 0:19:50]} Kf2
{[%clk 0:46:40]} 73. Rg7 {[%clk 0:20:00]} f3 {[%clk 0:46:56]} 74. Rg8
{[%clk 0:18:50]} Kf1 {[%clk 0:47:11]} 75. Rg7 {[%clk 0:17:25]} Re2+
{[%clk 0:47:30]} 76. Kd3 {[%clk 0:16:07]} f2 {[%clk 0:47:23]} 77. Ra7
{[%clk 0:14:58]} Re3+ {[%clk 0:47:51]} 78. Kd2 {[%clk 0:14:52]} Kg2
{[%clk 0:48:16]} 0-1

[Event "msr2018"]
[Site "?"]
[Date "2018.04.23"]
[Round "4.6"]
[White "Steiniger, Florian"]
[Black "Varga, Lukas"]
[Result "1-0"]
[BlackElo "1962"]
[WhiteElo "1777"]
[LiveChessVersion "1.4.8"]

1. d4 {[%clk 1:30:57]} Nf6 {[%clk 1:30:53]} 2. e3 {[%clk 1:31:22]} c5
{[%clk 1:28:13]} 3. c3 {[%clk 1:31:35]} e6 {[%clk 1:23:09]} 4. f4
{[%clk 1:30:44]} b6 {[%clk 1:15:54]} 5. Nf3 {[%clk 1:29:58]} Bb7 {[%clk 1:11:56]}
6. Bd3 {[%clk 1:29:09]} Be4 {[%clk 1:05:41]} 7. Bxe4 {[%clk 1:25:45]} Nxe4
{[%clk 1:06:02]} 8. Nbd2 {[%clk 1:25:24]} Nxd2 {[%clk 1:05:33]} 9. Bxd2
{[%clk 1:25:39]} d6 {[%clk 0:58:57]} 10. O-O {[%clk 1:24:07]} Nd7
{[%clk 0:57:10]} 11. Be1 {[%clk 1:20:55]} Nf6 {[%clk 0:53:26]} 12. Bh4
{[%clk 1:18:20]} Be7 {[%clk 0:52:25]} 13. Bxf6 {[%clk 1:16:09]} Bxf6
{[%clk 0:49:32]} 14. Qa4+ {[%clk 1:14:58]} Qd7 {[%clk 0:49:45]} 15. Qxd7+
{[%clk 1:15:16]} Kxd7 {[%clk 0:50:05]} 16. Rae1 {[%clk 1:12:59]} Rhc8
{[%clk 0:48:31]} 17. g4 {[%clk 1:11:29]} b5 {[%clk 0:38:56]} 18. Rd1
{[%clk 1:07:06]} b4 {[%clk 0:32:50]} 19. g5 {[%clk 1:02:20]} Be7 {[%clk 0:31:01]}
20. c4 {[%clk 0:58:15]} a5 {[%clk 0:29:22]} 21. d5 {[%clk 0:56:08]} Kc7
{[%clk 0:26:51]} 22. e4 {[%clk 0:53:13]} Rf8 {[%clk 0:21:08]} 23. h4
{[%clk 0:50:51]} Rad8 {[%clk 0:15:31]} 24. f5 {[%clk 0:45:07]} exf5
{[%clk 0:15:18]} 25. exf5 {[%clk 0:45:27]} Rde8 {[%clk 0:15:22]} 26. Rde1
{[%clk 0:45:15]} Kd7 {[%clk 0:13:22]} 27. Kg2 {[%clk 0:44:40]} Rh8
{[%clk 0:11:50]} 28. Kg3 {[%clk 0:38:17]} Bd8 {[%clk 0:10:24]} 29. Rxe8
{[%clk 0:37:38]} Rxe8 {[%clk 0:10:46]} 30. Re1 {[%clk 0:37:43]} a4
{[%clk 0:08:55]} 31. Rxe8 {[%clk 0:32:34]} Kxe8 {[%clk 0:09:19]} 32. b3
{[%clk 0:33:00]} axb3 {[%clk 0:08:39]} 33. axb3 {[%clk 0:33:24]} Kf8
{[%clk 0:06:01]} 34. Nd2 {[%clk 0:33:10]} Kg8 {[%clk 0:00:37]} 35. Ne4
{[%clk 0:32:14]} h6 {[%clk 0:00:35]} 36. Kg4 {[%clk 0:31:20]} Be7
{[%clk 0:00:50]} 37. f6 {[%clk 0:27:32]} gxf6 {[%clk 0:01:01]} 38. gxh6
{[%clk 0:24:01]} Kh7 {[%clk 0:00:50]} 39. Kh5 {[%clk 0:17:35]} Kg8
{[%clk 0:00:41]} 40. Kg4 {[%clk 0:16:52]} Kh7 {[%clk 0:01:05]} 41. Kf5
{[%clk 0:16:55]} Kxh6 {[%clk 0:29:45]} 42. Nxf6 {[%clk 0:46:52]} Kg7
{[%clk 0:29:18]} 43. Ne4 {[%clk 0:47:02]} Kh6 {[%clk 0:27:55]} 44. Kg4
{[%clk 0:46:27]} Kg6 {[%clk 0:25:38]} 45. h5+ {[%clk 0:46:45]} Kh7
{[%clk 0:25:12]} 46. Ng3 {[%clk 0:43:46]} Bf6 {[%clk 0:24:21]} 47. Kf5
{[%clk 0:43:25]} Be7 {[%clk 0:20:39]} 48. Ne4 {[%clk 0:42:08]} Kh6
{[%clk 0:20:15]} 49. Nf6 {[%clk 0:39:32]} Kg7 {[%clk 0:17:40]} 50. h6+
{[%clk 0:39:17]} Kh8 {[%clk 0:17:33]} 51. Ne4 {[%clk 0:34:20]} Bf6
{[%clk 0:13:21]} 52. Kxf6 {[%clk 0:34:11]} 1-0

[Event "msr2018"]
[Site "?"]
[Date "2018.04.23"]
[Round "4.7"]
[White "Panko, Eduard"]
[Black "Durica, Adam"]
[Result "0-1"]
[BlackElo "1890"]
[WhiteElo "1949"]
[LiveChessVersion "1.4.8"]

1. e4 {[%clk 1:30:56]} c5 {[%clk 1:30:58]} 2. a3 {[%clk 1:31:15]} e6
{[%clk 1:31:22]} 3. b4 {[%clk 1:31:34]} cxb4 {[%clk 1:31:45]} 4. axb4
{[%clk 1:32:00]} Bxb4 {[%clk 1:32:03]} 5. Bb2 {[%clk 1:32:08]} Nf6
{[%clk 1:31:53]} 6. e5 {[%clk 1:32:25]} Nd5 {[%clk 1:32:11]} 7. c4
{[%clk 1:32:47]} Ne7 {[%clk 1:32:19]} 8. Qg4 {[%clk 1:31:45]} Ng6
{[%clk 1:32:07]} 9. h4 {[%clk 1:24:24]} h5 {[%clk 1:27:02]} 10. Qg3
{[%clk 1:21:11]} Nc6 {[%clk 1:27:25]} 11. Bd3 {[%clk 1:19:38]} Nce7
{[%clk 1:27:29]} 12. Ne2 {[%clk 0:55:03]} Qc7 {[%clk 1:13:45]} 13. Na3
{[%clk 0:48:48]} Bxa3 {[%clk 1:02:08]} 14. Rxa3 {[%clk 0:47:27]} b6
{[%clk 1:01:28]} 15. f4 {[%clk 0:39:35]} Bb7 {[%clk 0:59:57]} 16. Nd4
{[%clk 0:31:17]} a6 {[%clk 0:59:18]} 17. O-O {[%clk 0:30:13]} Nf8
{[%clk 0:55:54]} 18. Kh2 {[%clk 0:28:17]} g6 {[%clk 0:55:58]} 19. Rfa1
{[%clk 0:27:39]} Rc8 {[%clk 0:53:43]} 20. Bc3 {[%clk 0:26:33]} Nf5
{[%clk 0:50:02]} 21. Bxf5 {[%clk 0:15:44]} gxf5 {[%clk 0:50:24]} 22. Qg7
{[%clk 0:14:29]} Rh7 {[%clk 0:48:48]} 23. Qg8 {[%clk 0:12:25]} Qxc4
{[%clk 0:49:12]} 24. Ra4 {[%clk 0:11:09]} Qd5 {[%clk 0:49:38]} 25. Bb4
{[%clk 0:10:24]} Rc5 {[%clk 0:50:02]} 26. Bxc5 {[%clk 0:09:35]} bxc5
{[%clk 0:50:24]} 27. Nf3 {[%clk 0:09:44]} Rh6 {[%clk 0:49:54]} 28. Qg3
{[%clk 0:08:10]} Rg6 {[%clk 0:49:40]} 29. Qf2 {[%clk 0:08:37]} Rg4
{[%clk 0:49:03]} 30. Kh3 {[%clk 0:05:47]} Ng6 {[%clk 0:49:25]} 31. Qe3
{[%clk 0:04:51]} c4 {[%clk 0:49:18]} 32. Rg1 {[%clk 0:03:30]} Nxf4+
{[%clk 0:48:36]} 33. Kh2 {[%clk 0:03:59]} Ng6 {[%clk 0:43:58]} 34. Kh3
{[%clk 0:02:48]} f4 {[%clk 0:36:29]} 35. Qe2 {[%clk 0:01:59]} Qb5
{[%clk 0:35:25]} 36. Ra3 {[%clk 0:01:28]} Bxf3 {[%clk 0:35:33]} 37. Qxf3
{[%clk 0:01:30]} Rxh4# 0-1

[Event "msr2018"]
[Site "?"]
[Date "2018.04.23"]
[Round "4.8"]
[White "Bielik, Jakub"]
[Black "Kardis, Benjamin"]
[Result "1-0"]
[BlackElo "1853"]
[WhiteElo "1939"]
[LiveChessVersion "1.4.8"]

1. e4 {[%clk 1:30:57]} Nc6 {[%clk 1:30:18]} 2. Nf3 {[%clk 1:31:20]} d6
{[%clk 1:30:31]} 3. Nc3 {[%clk 1:31:22]} g6 {[%clk 1:30:34]} 4. d4
{[%clk 1:31:37]} Bg7 {[%clk 1:30:59]} 5. Be2 {[%clk 1:31:50]} Nf6
{[%clk 1:29:36]} 6. O-O {[%clk 1:31:32]} O-O {[%clk 1:29:59]} 7. h3
{[%clk 1:31:26]} Re8 {[%clk 1:27:26]} 8. Bg5 {[%clk 1:27:03]} h6 {[%clk 1:21:36]}
9. Be3 {[%clk 1:24:59]} e5 {[%clk 1:16:56]} 10. dxe5 {[%clk 1:25:16]} Nxe5
{[%clk 1:17:21]} 11. Qd2 {[%clk 1:24:41]} Kh7 {[%clk 1:17:05]} 12. Rad1
{[%clk 1:21:31]} Bd7 {[%clk 1:16:37]} 13. Nxe5 {[%clk 1:15:08]} Rxe5
{[%clk 1:16:43]} 14. Bd3 {[%clk 1:03:58]} Bc6 {[%clk 1:13:49]} 15. Bd4
{[%clk 1:04:16]} Re8 {[%clk 1:10:13]} 16. Rde1 {[%clk 1:04:35]} Nd7
{[%clk 1:08:44]} 17. Bxg7 {[%clk 1:04:18]} Kxg7 {[%clk 1:09:12]} 18. f4
{[%clk 1:03:01]} Nc5 {[%clk 1:09:00]} 19. b4 {[%clk 1:00:54]} Nxd3
{[%clk 1:09:24]} 20. cxd3 {[%clk 1:01:12]} a6 {[%clk 1:06:10]} 21. d4
{[%clk 0:59:24]} Bb5 {[%clk 1:02:12]} 22. Rf2 {[%clk 0:58:55]} Rc8
{[%clk 1:01:51]} 23. a4 {[%clk 0:57:50]} Bc4 {[%clk 1:01:25]} 24. e5
{[%clk 0:53:40]} c5 {[%clk 0:58:27]} 25. bxc5 {[%clk 0:52:54]} dxc5
{[%clk 0:58:45]} 26. d5 {[%clk 0:53:13]} Rb8 {[%clk 0:54:10]} 27. d6
{[%clk 0:51:30]} Qd7 {[%clk 0:50:40]} 28. a5 {[%clk 0:49:50]} Re6
{[%clk 0:48:45]} 29. Ne4 {[%clk 0:49:19]} Qc6 {[%clk 0:45:45]} 30. Nf6
{[%clk 0:48:13]} Rd8 {[%clk 0:44:58]} 31. Qc3 {[%clk 0:47:05]} Bb5
{[%clk 0:44:27]} 32. f5 {[%clk 0:42:44]} Rxf6 {[%clk 0:43:01]} 33. exf6+
{[%clk 0:43:08]} Kg8 {[%clk 0:42:14]} 34. fxg6 {[%clk 0:43:24]} Rxd6
{[%clk 0:41:28]} 35. gxf7+ {[%clk 0:39:51]} Kxf7 {[%clk 0:41:54]} 36. Re7+ Kf8
{[%clk 0:42:07]} 37. f7 {[%clk 0:38:47]} Rd1+ 38. Kh2 {[%clk 0:37:31]} Qd6+
{[%clk 0:42:32]} 39. g3 {[%clk 0:37:55]} Rd4 40. Qe3 1-0